| 000 -LEADER |
| fixed length control field |
00768nam a2200241Ia 4500 |
| 001 - CONTROL NUMBER |
| control field |
8938 |
| 003 - CONTROL NUMBER IDENTIFIER |
| control field |
GE_BSU |
| 008 - FIXED-LENGTH DATA ELEMENTS--GENERAL INFORMATION |
| fixed length control field |
181216s||||||||xx |||||||||||||| ||und|| |
| 040 ## - CATALOGING SOURCE |
| Transcribing agency |
GE_BSU |
| 080 ## - UNIVERSAL DECIMAL CLASSIFICATION NUMBER |
| Universal Decimal Classification number |
821.353.1-31 |
| 100 ## - MAIN ENTRY--PERSONAL NAME |
| Personal name |
კვიცარიძე, დავით |
| 245 ## - TITLE STATEMENT |
| Title |
მწვანე ქალაქი.წ.2 |
| 245 ## - TITLE STATEMENT |
| Remainder of title |
რომანი:წიგნი მეორე |
| 245 ## - TITLE STATEMENT |
| Statement of responsibility, etc. |
რედ:ნ.ახალკაცი;მხატვ:.ო.ქანდარია |
| 260 ## - PUBLICATION, DISTRIBUTION, ETC. |
| Place of publication, distribution, etc. |
თბილისი. |
| 260 ## - PUBLICATION, DISTRIBUTION, ETC. |
| Name of publisher, distributor, etc. |
მერანი. |
| 260 ## - PUBLICATION, DISTRIBUTION, ETC. |
| Date of publication, distribution, etc. |
1986. |
| 300 ## - PHYSICAL DESCRIPTION |
| Extent |
436გვ;22სმ. |
| 300 ## - PHYSICAL DESCRIPTION |
| Other physical details |
პორტრეტი. |
| 653 ## - INDEX TERM--UNCONTROLLED |
| Uncontrolled term |
მწვანე ქალაქი |
| 653 ## - INDEX TERM--UNCONTROLLED |
| Uncontrolled term |
რომანი |
| 942 ## - ADDED ENTRY ELEMENTS (KOHA) |
| Koha item type |
წიგნი |